[Event "12th American Continental"]
[Site "Medellin COL"]
[Date "2017.06.13"]
[Round "6.108"]
[White "Arboleda Orozco, Juan Manuel"]
[Black "Sarmiento Mojica, Carolina"]
[Result "1-0"]
[WhiteElo "1927"]
[BlackElo "1618"]
[EventDate "2017.06.10"]
[PlyCount "43"]

1.e4 c5 2.Nf3 d6 3.d4 cxd4 4.Nxd4 Nf6 5.Nc3 a6 6.Bc4 Nbd7 7.O-O Qc7 8.Bb3 
Nc5 9.Be3 e6 10.f4 Ncxe4 11.Nxe4 Nxe4 12.f5 e5 13.Ne2 Nf6 14.Nc3 Be7 15.
Qf3 Bd7 16.Qg3 Qc6 17.Qxg7 O-O-O 18.Qxf7 Rdg8 19.Nd5 Be8 20.Nxe7+ Kd8 21.
Nxc6+ Bxc6 22.Bb6+ 1-0

[Event "12th American Continental"]
[Site "Medellin COL"]
[Date "2017.06.13"]
[Round "6.112"]
[White "Hernandez Saldivia, Rody"]
[Black "Velasquez, Andres"]
[Result "0-1"]
[WhiteElo "1903"]
[BlackElo "1731"]
[EventDate "2017.06.10"]
[PlyCount "76"]

1.e4 c5 2.Nf3 g6 3.d4 cxd4 4.Nxd4 Nf6 5.f3 Bg7 6.c4 Nc6 7.Be3 O-O 8.Nc3 
Nxd4 9.Bxd4 d6 10.Be2 Qa5 11.O-O Be6 12.b3 Rfc8 13.Qd3 Nd7 14.Bxg7 Kxg7 
15.Qd4+ Qe5 16.Qxe5+ Nxe5 17.Nd5 Bxd5 18.exd5 a5 19.f4 Nd7 20.Bg4 Rc7 21.
Rfe1 Nc5 22.Re3 Kf6 23.Rae1 h6 24.Bd1 b6 25.g4 Raa7 26.Bc2 a4 27.b4 Na6 
28.b5 Nb4 29.g5+ hxg5 30.fxg5+ Kxg5 31.Rg3+ Kh6 32.Bb1 Rxc4 33.Rf1 Nxd5 
34.a3 Rf4 35.Rc1 Rc7 36.Rc6 Rxc6 37.bxc6 Rc4 38.Ba2 Rc1+ 0-1

[Event "12th American Continental"]
[Site "Medellin COL"]
[Date "2017.06.13"]
[Round "6.125"]
[White "Diaz, Brian"]
[Black "Romero Kries, Mario Andres"]
[Result "1/2-1/2"]
[WhiteElo "1751"]
[BlackElo "1638"]
[EventDate "2017.06.10"]
[PlyCount "46"]

1.e4 e5 2.f4 Bc5 3.Nf3 d6 4.Bc4 Nf6 5.Nc3 Nc6 6.h3 O-O 7.d3 exf4 8.Bxf4 h6
9.Qd2 Be6 10.Bb3 Bxb3 11.axb3 Re8 12.O-O-O Nd4 13.Rdf1 c6 14.g4 Nh7 15.h4 
a5 16.Qd1 Ne6 17.Bd2 b5 18.e5 a4 19.bxa4 bxa4 20.Na2 Qb6 21.exd6 Bxd6 22.
Re1 Reb8 23.Bc3 Ba3 1/2-1/2

[Event "12th American Continental"]
[Site "Medellin COL"]
[Date "2017.06.14"]
[Round "7.1"]
[White "Cori Tello, Jorge"]
[Black "Bachmann Schiavo, Axel"]
[Result "1-0"]
[WhiteElo "2618"]
[BlackElo "2653"]
[EventDate "2017.06.10"]
[PlyCount "101"]

1.d4 Nf6 2.Nf3 e6 3.c4 Bb4+ 4.Bd2 a5 5.g3 d5 6.Qc2 O-O 7.Bg2 c5 8.cxd5 
cxd4 9.Nxd4 Qb6 10.e3 Nxd5 11.O-O Bd7 12.Nc3 Nf6 13.a3 Be7 14.Qb3 Qxb3 15.
Nxb3 a4 16.Nd4 e5 17.Nc2 Nc6 18.Nd5 Nxd5 19.Bxd5 Na5 20.Rad1 Rfd8 21.Bc3 
Bc6 22.Ba2 Rdc8 23.Nb4 Bb5 24.Rfe1 Bc4 25.Bb1 Bxb4 26.Bxb4 Nc6 27.Bc3 Rd8 
28.Be4 Bb3 29.Rxd8+ Rxd8 30.Bxc6 bxc6 31.Bxe5 Rd1 32.Rxd1 Bxd1 33.Kg2 f5 
34.f3 Kf7 35.e4 fxe4 36.fxe4 g6 37.Kf2 c5 38.b4 axb3 39.h3 b2 40.Bxb2 h5 
41.Ke3 Bc2 42.Kf4 Ke6 43.Bc3 Kd6 44.Bg7 Kc6 45.Ke5 Bd3 46.Bh6 Bf1 47.Kf6 
Bxh3 48.Kxg6 Bg2 49.e5 Kd5 50.Kf6 Bh3 51.a4 1-0

[Event "12th American Continental"]
[Site "Medellin COL"]
[Date "2017.06.14"]
[Round "7.2"]
[White "Bruzon Batista, Lazaro"]
[Black "Garcia Pantoja, Roberto"]
[Result "1-0"]
[WhiteElo "2650"]
[BlackElo "2500"]
[EventDate "2017.06.10"]
[PlyCount "115"]

1.d4 d5 2.c4 e6 3.Nc3 Nf6 4.Nf3 Be7 5.Qc2 O-O 6.cxd5 exd5 7.Bg5 c6 8.e3 h6
9.Bf4 Bd6 10.Bxd6 Qxd6 11.Bd3 Be6 12.O-O Nbd7 13.Rfc1 Rfe8 14.a3 a5 15.
Rab1 Bg4 16.Nd2 Be6 17.Na4 Rec8 18.h3 b5 19.Nc5 Nxc5 20.Qxc5 Qxc5 21.Rxc5 
Nd7 22.Rc2 Nb6 23.Nb3 Nc4 24.Nc5 a4 25.Re1 Re8 26.f3 Rad8 27.Kf2 Bc8 28.e4
Nb6 29.e5 Nd7 30.f4 Nxc5 31.Rxc5 Bd7 32.g4 Rb8 33.Bf5 Bxf5 34.gxf5 b4 35.
Rec1 bxa3 36.bxa3 Rb2+ 37.R1c2 Rb3 38.R2c3 Rb2+ 39.Kf3 Rd2 40.Rxc6 Rxd4 
41.Rc7 g5 42.fxg6 fxg6 43.R3c6 g5 44.Rg6+ Kf8 45.Rf6+ Kg8 46.h4 gxf4 47.
Rg6+ Kf8 48.Rxh6 Re7 49.Rh8+ Kg7 50.Rxe7+ Kxh8 51.h5 Rd3+ 52.Kxf4 Rxa3 53.
e6 d4 54.Rd7 Re3 55.e7 Kg8 56.h6 Kf7 57.h7 Rh3 58.Rd8 1-0

[Event "12th American Continental"]
[Site "Medellin COL"]
[Date "2017.06.14"]
[Round "7.5"]
[White "Bacallao Alonso, Yusnel"]
[Black "Sevian, Samuel"]
[Result "1/2-1/2"]
[WhiteElo "2554"]
[BlackElo "2601"]
[EventDate "2017.06.10"]
[PlyCount "76"]

1.d4 Nf6 2.c4 e6 3.Nf3 d5 4.Nc3 c6 5.e3 Nbd7 6.Qc2 Bd6 7.Bd3 O-O 8.O-O 
dxc4 9.Bxc4 b5 10.Bd3 Bb7 11.a3 Rc8 12.b4 a5 13.Qb3 e5 14.Ne4 Nxe4 15.Bxe4
g6 16.dxe5 Nxe5 17.Nxe5 Bxe5 18.Bb2 a4 19.Qc2 Bxb2 20.Qxb2 Qe7 21.Qc2 Rfe8
22.Bf3 c5 23.Bxb7 Qxb7 24.bxc5 Re5 25.Rfc1 Qc6 26.Rab1 Rxc5 27.Qxc5 Qxc5 
28.Rxc5 Rxc5 29.Kf1 Kg7 30.Ke2 Rc3 31.Rxb5 Rxa3 32.Ra5 h5 33.h4 Ra2+ 34.
Kf3 a3 35.Ra6 f5 36.g3 Kf7 37.Ra4 Kg7 38.Ra6 Kf7 {Ke4} 1/2-1/2

[Event "12th American Continental"]
[Site "Medellin COL"]
[Date "2017.06.14"]
[Round "7.6"]
[White "Tang, Andrew"]
[Black "Fier, Alexandr"]
[Result "1/2-1/2"]
[WhiteElo "2461"]
[BlackElo "2576"]
[EventDate "2017.06.10"]
[PlyCount "78"]

1.d4 Nf6 2.Bf4 c5 3.e3 Nd5 4.Bg3 Qb6 5.b3 cxd4 6.exd4 g6 7.Nf3 Bh6 8.c3 
Nf4 9.Ne5 d6 10.Ng4 Bxg4 11.Qxg4 Ne6 12.Bc4 Nd8 13.O-O e6 14.Bf4 Bxf4 15.
Qxf4 Nd7 16.Nd2 d5 17.Bd3 Nc6 18.Rfe1 Qd8 19.Nf3 O-O 20.Re3 Kg7 21.Rae1 
Rc8 22.Bb1 Qf6 23.Qg3 h6 24.h4 b5 25.Nh2 Kh8 26.h5 g5 27.Ng4 Qg7 28.f4 b4 
29.f5 bxc3 30.fxe6 Nf6 31.exf7 Nxd4 32.Nxf6 Qxf6 33.Rf1 Qg7 34.Qd6 c2 35.
Bxc2 Nxc2 36.Re6 Qd4+ 37.Rf2 Qd1+ 38.Rf1 Qd4+ 39.Rf2 Qd1+ 1/2-1/2

[Event "12th American Continental"]
[Site "Medellin COL"]
[Date "2017.06.14"]
[Round "7.7"]
[White "Iturrizaga Bonelli, Eduardo"]
[Black "Terry Lujan, Renato Alfredo"]
[Result "1-0"]
[WhiteElo "2663"]
[BlackElo "2454"]
[EventDate "2017.06.10"]
[PlyCount "115"]

1.d4 e6 2.Bf4 Nf6 3.e3 c5 4.c3 d5 5.Nd2 Bd6 6.Bg3 Nc6 7.Ngf3 Bxg3 8.hxg3 
Qd6 9.Bb5 Bd7 10.Bxc6 Bxc6 11.Ne5 cxd4 12.exd4 Nd7 13.Ndf3 f6 14.Ng6 Rg8 
15.Rxh7 O-O-O 16.Qd2 Nf8 17.Nxf8 Rdxf8 18.O-O-O Be8 19.Qd3 Qc6 20.Re1 Bf7 
21.g4 Qe8 22.Rh3 Rh8 23.Nh4 Qa4 24.Ng6 Rxh3 25.gxh3 Re8 26.a3 Qc4 27.Nf4 
Qxd3 28.Nxd3 Rh8 29.Re3 b6 30.Kd2 Kd7 31.Ke2 Kd6 32.Kf1 Bg6 33.Nf4 Bf7 34.
Nd3 Bg6 35.Kg2 a5 36.Kg3 a4 37.h4 Bxd3 38.Rxd3 g6 39.Rd1 b5 40.Rh1 Ke7 41.
Rh2 Kf7 42.f3 Ke7 43.h5 gxh5 44.Rxh5 Rxh5 45.gxh5 Kf7 46.Kg4 Kg7 47.f4 Kh6
48.f5 e5 49.dxe5 fxe5 50.f6 e4 51.Kf4 Kh7 52.Ke3 Kh6 53.Kd2 Kh7 54.Kc2 Kh6
55.b3 axb3+ 56.Kxb3 Kh7 57.Kc2 Kh6 58.Kd2 1-0

[Event "12th American Continental"]
[Site "Medellin COL"]
[Date "2017.06.14"]
[Round "7.10"]
[White "Peralta, Fernando"]
[Black "Pulvett Marin, Daniel"]
[Result "1/2-1/2"]
[WhiteElo "2569"]
[BlackElo "2437"]
[EventDate "2017.06.10"]
[PlyCount "91"]

1.d4 Nf6 2.c4 e6 3.Nf3 Bb4+ 4.Nbd2 O-O 5.a3 Be7 6.e4 d6 7.Be2 Nbd7 8.Qc2 
e5 9.Nb1 c6 10.O-O Re8 11.Nc3 Bf8 12.Rd1 exd4 13.Nxd4 Nc5 14.f3 a5 15.b3 
g6 16.Rb1 Nh5 17.Be3 Qh4 18.Qd2 Bg7 19.Bf2 Qf6 20.Bf1 Rd8 21.Nde2 Be6 22.
Bd4 Qe7 23.Bxg7 Nxg7 24.b4 axb4 25.axb4 Na4 26.Nxa4 Rxa4 27.Nc3 Raa8 28.
Ra1 Rxa1 29.Rxa1 Ne8 30.Qd4 Qf6 31.Qxf6 Nxf6 32.Ra7 Rb8 33.Kf2 Nd7 34.Nb1 
Kf8 35.Nd2 Ke8 36.Be2 Nb6 37.f4 Kd8 38.g4 f6 39.h4 Kc7 40.Ra5 Re8 41.Ra3 
Bf7 42.g5 h6 43.gxf6 Nd7 44.Bf3 Nxf6 45.Ra1 g5 46.hxg5 1/2-1/2

[Event "12th American Continental"]
[Site "Medellin COL"]
[Date "2017.06.14"]
[Round "7.13"]
[White "Quintiliano Pinto, Renato Rodrigues"]
[Black "Shabalov, Alexander"]
[Result "0-1"]
[WhiteElo "2483"]
[BlackElo "2556"]
[EventDate "2017.06.10"]
[PlyCount "120"]

1.d4 Nf6 2.c4 c5 3.d5 b5 4.cxb5 a6 5.bxa6 g6 6.Nc3 Bg7 7.e4 O-O 8.Nf3 Qa5 
9.Bd2 Bxa6 10.Bxa6 Qxa6 11.Qe2 d6 12.Rb1 Nfd7 13.b3 f5 14.a4 Bxc3 15.Bxc3 
Qxe2+ 16.Kxe2 fxe4 17.Ng5 Nb6 18.Rhd1 Rf5 19.Nxe4 Nxd5 20.Ba1 Nc6 21.Ng3 
Nf4+ 22.Kf1 Rff8 23.Ne4 Ne6 24.Nc3 Nc7 25.Nb5 Nxb5 26.axb5 Nb4 27.Bc3 Nc2 
28.Rd3 Rab8 29.Rc1 Na3 30.Re3 Rf7 31.b4 Rxb5 32.bxc5 Rxc5 33.Rd1 Nb5 34.
Be1 Nc7 35.Red3 Rff5 36.Ra1 Nd5 37.Bd2 Nf6 38.Be1 Kf7 39.h3 h5 40.Bd2 Ne4 
41.Be3 Rc2 42.f3 Ng3+ 43.Kg1 Ne2+ 44.Kh2 Rb5 45.h4 Rb4 46.Kh3 Rcc4 47.g3 
Rc2 48.Bg5 Nd4 49.Ra7 Re2 50.g4 Re5 51.Bf4 Re6 52.Bd2 Rc4 53.gxh5 gxh5 54.
Ra5 Rf6 55.Rxh5 Nxf3 56.Rh7+ Ke6 57.Bc3 Rff4 58.Kg3 Nxh4 59.Re3+ Kd5 60.
Rh5+ Nf5+ 0-1

[Event "12th American Continental"]
[Site "Medellin COL"]
[Date "2017.06.14"]
[Round "7.14"]
[White "Gallego Alcaraz, Andres Felipe"]
[Black "Vasquez Schroder, Rodrigo"]
[Result "0-1"]
[WhiteElo "2453"]
[BlackElo "2553"]
[EventDate "2017.06.10"]
[PlyCount "164"]

1.d4 Nf6 2.c4 e6 3.Nf3 c5 4.d5 d6 5.Nc3 exd5 6.cxd5 g6 7.Bf4 a6 8.a4 Bg7 
9.h3 O-O 10.e3 Ne8 11.Be2 Nd7 12.O-O Rb8 13.Nd2 Qe7 14.a5 Ne5 15.Na4 Bd7 
16.Nb6 Bb5 17.Bxe5 Bxe5 18.Ndc4 Bg7 19.Rb1 Nf6 20.Na3 Bxe2 21.Qxe2 Ne4 22.
Nac4 f5 23.Rfe1 Rbe8 24.Nd2 Ng5 25.f4 Ne4 26.Nbc4 Qd7 27.Kh2 Bf6 28.Nxe4 
Rxe4 29.b3 Bc3 30.Rec1 Bb4 31.Qf3 Qd8 32.Ra1 Rfe8 33.Ra2 Rf8 34.g4 Re7 35.
gxf5 Rxf5 36.Rg1 Ref7 37.Rg4 Qf8 38.Rag2 Kh8 39.Qd1 Bc3 40.Qd3 Bg7 41.Rg5 
R5f6 42.Nd2 Bh6 43.R5g3 Rf5 44.Nc4 R7f6 45.Qe4 Qf7 46.Rg5 Bf8 47.Nb6 Be7 
48.Rxf5 Rxf5 49.Nc8 Bf8 50.Qe6 Kg7 51.Qxf7+ Kxf7 52.Nb6 Be7 53.Rf2 g5 54.
Kg2 Kg6 55.e4 Rxf4 56.Rxf4 gxf4 57.Nc8 Bf8 58.Kf3 Kg5 59.h4+ Kf6 60.Nb6 
Bh6 61.Nc4 Ke7 62.e5 dxe5 63.Nxe5 Bg7 64.Nc4 h5 65.Kxf4 Bf6 66.Kg3 Kd7 67.
Kh3 Bc3 68.Kg3 Be1+ 69.Kh3 Ke7 70.Kg2 Bxh4 71.Kf3 Be1 72.Kf4 Kf6 73.Nd6 
Bxa5 74.Ne4+ Ke7 75.Nxc5 Bb4 76.Ne4 h4 77.Kg4 b5 78.Kxh4 a5 79.d6+ Ke6 80.
Kg4 a4 81.bxa4 bxa4 82.d7 Kxd7 0-1

[Event "12th American Continental"]
[Site "Medellin COL"]
[Date "2017.06.14"]
[Round "7.18"]
[White "Morovic Fernandez, Ivan"]
[Black "Ynojosa Aponte, Felix Jose"]
[Result "0-1"]
[WhiteElo "2537"]
[BlackElo "2395"]
[EventDate "2017.06.10"]
[PlyCount "108"]

1.c4 c5 2.Nf3 Nc6 3.Nc3 e5 4.g3 Nf6 5.Bg2 Be7 6.O-O d6 7.d3 h6 8.a3 O-O 9.
Rb1 a5 10.Ne1 Be6 11.Nc2 d5 12.cxd5 Nxd5 13.Ne3 Nb6 14.b3 Rb8 15.Nc4 Nd5 
16.Nxd5 Bxd5 17.Bh3 f6 18.Ne3 Bf7 19.Nf5 Nd4 20.Nxe7+ Qxe7 21.Bd2 b5 22.e3
Ne6 23.f4 b4 24.fxe5 fxe5 25.Bf5 g6 26.Be4 Ng5 27.Bg2 Be6 28.axb4 axb4 29.
e4 Rxf1+ 30.Qxf1 Bf7 31.h4 Ne6 32.Bxh6 Nd4 33.Bg5 Qd6 34.Rb2 Bxb3 35.Rf2 
Rf8 36.Bf6 Bc2 37.Bg5 Rxf2 38.Kxf2 b3 39.Bc1 Qb6 40.Bb2 c4 41.dxc4 Nf5+ 
42.Ke1 Ne3 43.Qe2 Qa5+ 44.Qd2 Nxg2+ 45.Ke2 Qxd2+ 46.Kxd2 Kf7 47.Bxe5 Ke6 
48.Bd4 Bxe4 49.Kc3 Bc2 50.Bf2 Kf5 51.c5 Kg4 52.c6 Kf3 53.c7 Bf5 54.Bc5 Be6
0-1

[Event "12th American Continental"]
[Site "Medellin COL"]
[Date "2017.06.14"]
[Round "7.19"]
[White "Chumpitaz Carbajal, Ann"]
[Black "Vera Siguenas, Deivy"]
[Result "1/2-1/2"]
[WhiteElo "2163"]
[BlackElo "2526"]
[EventDate "2017.06.10"]
[PlyCount "127"]

1.d4 Nf6 2.c4 e6 3.Nf3 Bb4+ 4.Bd2 Qe7 5.Qc2 Bxd2+ 6.Nfxd2 d6 7.Nc3 O-O 8.
e3 e5 9.d5 c6 10.Be2 Na6 11.O-O Bd7 12.e4 Rac8 13.Qb3 Rb8 14.Qa3 c5 15.Nb5
Ra8 16.Rac1 Ne8 17.Qe3 Nac7 18.a3 a5 19.h3 a4 20.b4 axb3 21.Qxb3 Bc8 22.
Rc2 g6 23.Ra2 Na6 24.Nc3 Nb8 25.Qc2 Ng7 26.Na4 Nd7 27.Rb1 Ra6 28.Nc3 f5 
29.Bf3 Nf6 30.Rb5 g5 31.exf5 Nxf5 32.Ne2 Nh4 33.Ng3 Nxf3+ 34.Nxf3 g4 35.
hxg4 Nxg4 36.Qd2 Rf4 37.a4 Rxc4 38.a5 e4 39.Qg5+ Qxg5 40.Nxg5 e3 41.fxe3 
Rc1+ 42.Nf1 Nxe3 43.Rf2 c4 44.Ne6 Rxf1+ 45.Rxf1 Nxf1 46.Kxf1 Kf7 47.Nf4 
Ke7 48.Ke1 Kd8 49.Kd2 Kc7 50.Ne6+ Bxe6 51.dxe6 Ra8 52.Kc3 Kc6 53.Kxc4 Rg8 
54.Rb6+ Kc7 55.e7 Re8 56.Kd5 Rxe7 57.Rxd6 Rg7 58.Rh6 Kb8 59.Kc5 Ka7 60.Kb5
Rg5+ 61.Kb4 Rg4+ 62.Kb5 Rg5+ 63.Kb4 Rg4+ 64.Kb5 1/2-1/2

[Event "12th American Continental"]
[Site "Medellin COL"]
[Date "2017.06.14"]
[Round "7.20"]
[White "Pichot, Alan"]
[Black "Torres, Juan Camilo"]
[Result "1/2-1/2"]
[WhiteElo "2577"]
[BlackElo "2275"]
[EventDate "2017.06.10"]
[PlyCount "105"]

1.e4 e5 2.Nf3 Nc6 3.Bb5 a6 4.Ba4 Nf6 5.O-O Be7 6.Re1 b5 7.Bb3 d6 8.c3 O-O 
9.h3 Nd7 10.d4 Bf6 11.a4 Bb7 12.d5 Ne7 13.axb5 axb5 14.Rxa8 Qxa8 15.Na3 
Ba6 16.Ba2 g6 17.Bh6 Bg7 18.Qd2 f6 19.Nc2 Bc8 20.Nb4 Nc5 21.Bb1 Bd7 22.Bc2
Qb7 23.Be3 Na6 24.Bb3 Kh8 25.Ra1 Ra8 26.Ne1 Nxb4 27.Rxa8+ Qxa8 28.cxb4 f5 
29.f3 Ng8 30.exf5 Bxf5 31.Nd3 Bxd3 32.Qxd3 Qa1+ 33.Bd1 e4 34.fxe4 Bxb2 35.
Kf2 Bc3 36.Kf3 Be5 37.Be2 Qe1 38.Bf2 Qxb4 39.Qxb5 Qc3+ 40.Qd3 Qc1 41.Qe3 
Qc2 42.g3 c5 43.dxc6 Qxc6 44.Kg2 Nf6 45.Bf3 Kg7 46.g4 Qc7 47.h4 Qd7 48.Qe2
Qf7 49.Be3 h5 50.g5 Nd7 51.Qc2 Nc5 52.Be2 Ne6 53.Qd2 1/2-1/2

[Event "12th American Continental"]
[Site "Medellin COL"]
[Date "2017.06.14"]
[Round "7.22"]
[White "Cuartas Medina, Jaime Alexander"]
[Black "Hernandez Cigaran, Cristian Andres"]
[Result "1-0"]
[WhiteElo "2492"]
[BlackElo "2259"]
[EventDate "2017.06.10"]
[PlyCount "145"]

1.e4 c5 2.Nf3 d6 3.Bb5+ Nd7 4.d4 Nf6 5.Nc3 a6 6.Bxd7+ Nxd7 7.O-O e6 8.d5 
e5 9.a4 Be7 10.Nd2 O-O 11.Nc4 Nb6 12.Ne3 Bg5 13.b3 Bxe3 14.Bxe3 a5 15.f4 
Nd7 16.Nb5 Ra6 17.c4 exf4 18.Bxf4 Qe7 19.Qf3 Ne5 20.Qg3 f6 21.Ra2 Bd7 22.
Nc7 Ra7 23.Raf2 b6 24.Bxe5 dxe5 25.Qd3 Qd6 26.Nb5 Bxb5 27.cxb5 Raf7 28.g4 
g6 29.Kg2 Kg7 30.Rf3 h6 31.h4 Kg8 32.R1f2 Kg7 33.Kf1 Qd7 34.Rg3 Qd6 35.Ke1
Kh7 36.Kd1 Kg7 37.Kc1 Kg8 38.Kb2 Kg7 39.Qf1 Qd7 40.Kc3 Qd6 41.Kc4 Qd7 42.
Qa1 Qd6 43.Rgf3 Qe7 44.Qf1 Qd7 45.Qh3 Qe7 46.Qg3 Kh7 47.Rf1 Kg8 48.R3f2 
Kh7 49.Qd3 Qd7 50.Qf3 Kg7 51.Rd2 Rd8 52.Qd1 Qc7 53.Rdf2 Rdf8 54.Rg1 Qd6 
55.Rg3 Kg8 56.Qf3 Qd7 57.Rg1 Kg7 58.Rgf1 Kg8 59.h5 gxh5 60.gxh5 Rg7 61.Qf5
Qxf5 62.Rxf5 Rg4 63.d6 Rxe4+ 64.Kd5 Rd4+ 65.Kc6 Kg7 66.Rg1+ Kf7 67.Kd7 Rf4
68.Rxf4 exf4 69.Kc7 Ke6 70.d7 Ke5 71.d8=Q Rxd8 72.Kxd8 f3 73.Kc7 1-0

[Event "12th American Continental"]
[Site "Medellin COL"]
[Date "2017.06.14"]
[Round "7.24"]
[White "Vazquez Colman, Guillermo"]
[Black "Arango Arenas, Juan Camilo"]
[Result "1/2-1/2"]
[WhiteElo "2443"]
[BlackElo "2198"]
[EventDate "2017.06.10"]
[PlyCount "52"]

1.Nf3 c5 2.g3 g6 3.Bg2 Nc6 4.c4 Bg7 5.Nc3 e6 6.h4 d5 7.cxd5 exd5 8.h5 d4 
9.Ne4 Qe7 10.d3 f5 11.Ned2 Be6 12.hxg6 hxg6 13.Rxh8 Bxh8 14.Nh4 Ne5 15.
Qa4+ Kf7 16.Qb5 Re8 17.Qxb7 Qxb7 18.Bxb7 Nxd3+ 19.Kf1 Nxc1 20.Rxc1 Rb8 21.
Ba6 Rxb2 22.Nb3 Rxa2 23.Nxc5 Bd5 24.Nf3 Bf6 25.Bc4 Bxc4 26.Rxc4 Ne7 
1/2-1/2

[Event "12th American Continental"]
[Site "Medellin COL"]
[Date "2017.06.14"]
[Round "7.31"]
[White "Soto Gonzalez, Miguel Angel"]
[Black "Alzate, Dario"]
[Result "1/2-1/2"]
[WhiteElo "2072"]
[BlackElo "2362"]
[EventDate "2017.06.10"]
[PlyCount "42"]

1.e4 c5 2.Nf3 Nc6 3.d4 cxd4 4.Nxd4 Qc7 5.Nc3 e6 6.Be2 a6 7.O-O Nf6 8.Be3 
Be7 9.f4 d6 10.Kh1 Bd7 11.Qe1 b5 12.a3 O-O 13.Qg3 Nxd4 14.Bxd4 Bc6 15.Rae1
Rad8 16.Bd3 g6 17.Qh3 e5 18.Be3 exf4 19.Bxf4 Qd7 20.Qf3 Ng4 21.Qg3 Bf6 
1/2-1/2

[Event "12th American Continental"]
[Site "Medellin COL"]
[Date "2017.06.14"]
[Round "7.32"]
[White "Baules, Jorge"]
[Black "Salcedo Perez, Pablo Esteban"]
[Result "1/2-1/2"]
[WhiteElo "2355"]
[BlackElo "2103"]
[EventDate "2017.06.10"]
[PlyCount "37"]

1.d4 d5 2.Nf3 Nf6 3.c4 e6 4.g3 c6 5.Bg2 Bd6 6.O-O Nbd7 7.Nc3 O-O 8.Re1 
dxc4 9.Bg5 h6 10.Bxf6 Qxf6 11.Ne4 Qe7 12.Qc2 b5 13.b3 Bb4 14.Red1 cxb3 15.
axb3 Bb7 16.Ne1 c5 17.dxc5 Nxc5 18.Nxc5 Bxg2 19.Ncd3 1/2-1/2

[Event "12th American Continental"]
[Site "Medellin COL"]
[Date "2017.06.14"]
[Round "7.34"]
[White "Escalante Ramirez, Brian Sebastian"]
[Black "Zambrano Acebo, Junior"]
[Result "1-0"]
[WhiteElo "2338"]
[BlackElo "1933"]
[EventDate "2017.06.10"]
[PlyCount "81"]

1.e4 Nf6 2.e5 Nd5 3.d4 d6 4.Nf3 g6 5.Bc4 Nb6 6.Bb3 Bg7 7.Qe2 Nc6 8.O-O O-O
9.h3 dxe5 10.dxe5 Nd4 11.Nxd4 Qxd4 12.Re1 a5 13.a4 c6 14.Be3 Qd8 15.Nd2 
Nd5 16.Nf3 Nxe3 17.Qxe3 h6 18.e6 f5 19.Ne5 f4 20.Qe4 Bxe5 21.Rad1 Qc7 22.
Qxg6+ Bg7 23.Rd7 Rf6 24.Qe8+ Rf8 25.Qg6 Rf6 26.Qf7+ Rxf7 27.exf7+ Kf8 28.
Rxc7 Bf6 29.Be6 Bxe6 30.Rxe6 Kxf7 31.Re4 Rb8 32.Rd7 Ke8 33.Rd6 Kf7 34.Rd3 
Bxb2 35.Rb3 Bf6 36.c4 e5 37.Re1 b6 38.Reb1 Bd8 39.c5 Rb7 40.cxb6 Ke6 41.
Rc3 {illegible} 1-0

[Event "12th American Continental"]
[Site "Medellin COL"]
[Date "2017.06.14"]
[Round "7.39"]
[White "Valderrama Quiceno, Esteban"]
[Black "Rodriguez Rivera, Pedro"]
[Result "1-0"]
[WhiteElo "2413"]
[BlackElo "2228"]
[EventDate "2017.06.10"]
[PlyCount "115"]

1.Nf3 Nf6 2.g3 d6 3.d4 Nbd7 4.c4 e5 5.Nc3 Be7 6.Bg2 O-O 7.O-O c6 8.Qc2 Re8
9.h3 a6 10.e4 Qc7 11.Be3 b5 12.Rac1 Qb8 13.Rfd1 Bb7 14.a3 Bf8 15.Nd2 g6 
16.d5 cxd5 17.exd5 Rc8 18.Qd3 bxc4 19.Nxc4 a5 20.Nd2 Ba6 21.Qb1 Nc5 22.Qa2
Nd3 23.Rb1 Nd7 24.Na4 f5 25.b3 Qc7 26.Nc4 Bxc4 27.bxc4 Qxc4 28.Qxc4 Rxc4 
29.Rxd3 Rxa4 30.Rb7 Nf6 31.Bg5 e4 32.Rd1 Bg7 33.Bf4 Rd8 34.Rb3 h6 35.Bf1 
g5 36.Be3 Rc8 37.Bb5 Rac4 38.Bxc4 Rxc4 39.Rb6 Bf8 40.Rb5 Ra4 41.Bd4 Kf7 
42.Bb2 f4 43.Rd4 Rxd4 44.Bxd4 a4 45.Ra5 Be7 46.Bb2 e3 47.fxe3 fxe3 48.Bxf6
Kxf6 49.Kf1 Ke5 50.Ke2 Ke4 51.Rxa4+ Kxd5 52.Kxe3 Bf6 53.Kd3 h5 54.Ra5+ Kc6
55.Rf5 Bd8 56.Kc4 h4 57.g4 Be7 58.a4 1-0

[Event "12th American Continental"]
[Site "Medellin COL"]
[Date "2017.06.14"]
[Round "7.58"]
[White "Mateus Urbano, Alejandro"]
[Black "Lotero Correa, Faiber"]
[Result "1/2-1/2"]
[WhiteElo "2255"]
[BlackElo "2092"]
[EventDate "2017.06.10"]
[PlyCount "59"]

1.d4 d5 2.Nf3 Nc6 3.Bf4 Nf6 4.e3 Nh5 5.Bg5 Qd6 6.c3 g6 7.Nbd2 Bg7 8.Be2 e5
9.dxe5 Nxe5 10.Bh4 Bf6 11.Nxe5 Qxe5 12.Bxh5 Bxh4 13.Qa4+ Bd7 14.Qxh4 Qxh5 
15.Qxh5 gxh5 16.Nf3 O-O-O 17.Ne5 Be8 18.Nd3 Rg8 19.Nf4 f6 20.Rd1 Bf7 21.a3
h4 22.f3 Rg5 23.Kf2 c5 24.Rd2 Rdg8 25.Re1 b6 26.e4 dxe4 27.Rxe4 Rd8 28.
Rde2 Rd7 29.Ne6 Rg8 30.Nf4 1/2-1/2

[Event "12th American Continental"]
[Site "Medellin COL"]
[Date "2017.06.14"]
[Round "7.60"]
[White "Dominguez Rincon, Miller"]
[Black "Brito, Luismar"]
[Result "1/2-1/2"]
[WhiteElo "2066"]
[BlackElo "2250"]
[EventDate "2017.06.10"]
[PlyCount "49"]

1.d4 Nf6 2.c4 e6 3.Nc3 Bb4 4.Qc2 c5 5.e3 d5 6.Nf3 O-O 7.Bd3 Nc6 8.dxc5 e5 
9.cxd5 Qxd5 10.O-O Bxc3 11.Qxc3 e4 12.Bc4 Qh5 13.Nd2 Ne5 14.f3 Nxc4 15.
Qxc4 Be6 16.Qc2 exf3 17.Nxf3 Rac8 18.b4 b6 19.Ba3 Rfe8 20.e4 bxc5 21.bxc5 
Bd7 22.e5 Ng4 23.Rfe1 Bb5 24.h3 Nxe5 25.Nd4 1/2-1/2

[Event "12th American Continental"]
[Site "Medellin COL"]
[Date "2017.06.14"]
[Round "7.66"]
[White "Zapata Arbelaez, Estiven"]
[Black "Alvarado Arcila, Marvia Josefina"]
[Result "1-0"]
[WhiteElo "2202"]
[BlackElo "2004"]
[EventDate "2017.06.10"]
[PlyCount "111"]

1.d4 d5 2.c4 c6 3.Nc3 Nf6 4.Nf3 e6 5.g3 a6 6.a4 Bb4 7.c5 b6 8.cxb6 Qxb6 9.
Bg2 Nbd7 10.O-O O-O 11.Bf4 a5 12.Re1 Ba6 13.Ne5 Nxe5 14.Bxe5 Nd7 15.Bf4 f5
16.e3 Rac8 17.g4 Be7 18.gxf5 exf5 19.b3 g5 20.Bg3 Nf6 21.Rb1 Bb4 22.Rc1 
Ne4 23.Nxe4 dxe4 24.Qh5 c5 25.dxc5 Qg6 26.Qxg6+ hxg6 27.Red1 Rxc5 28.Rxc5 
Bxc5 29.Be5 Kf7 30.Rc1 Bb4 31.Rc6 Bb7 32.Rf6+ Ke7 33.Rxg6 Bd5 34.Bf1 Bxb3 
35.Bb5 g4 36.Rc6 Bd5 37.Rc7+ Ke6 38.Bf4 Rf7 39.Rc8 Rf8 40.Rc7 Rf7 41.Rc2 
Rf8 42.Kg2 Rf7 43.Kg3 Rf8 44.Rc7 Rf7 45.Rc8 Rf8 46.Rxf8 Bxf8 47.Kh4 Bb7 
48.Kg5 Bc8 49.Bc4+ Ke7 50.Kg6 Bd7 51.Bc7 f4 52.exf4 Bxa4 53.Bxa5 Kd7 54.
Bd2 Bd1 55.Be3 Bf3 56.Bd5 1-0

[Event "12th American Continental"]
[Site "Medellin COL"]
[Date "2017.06.14"]
[Round "7.67"]
[White "Estrada Ruiz, Walter"]
[Black "Franco Valencia, Beatriz Irene"]
[Result "0-1"]
[WhiteElo "1982"]
[BlackElo "2173"]
[EventDate "2017.06.10"]
[PlyCount "56"]

1.e4 g6 2.d4 Bg7 3.Nc3 d6 4.Bc4 a6 5.Qf3 e6 6.Nge2 Nc6 7.Bf4 Nxd4 8.Nxd4 
Bxd4 9.O-O-O Qf6 10.Qg3 Bxc3 11.bxc3 Qe7 12.e5 d5 13.Bg5 Qa3+ 14.Kb1 Bd7 
15.Bxd5 exd5 16.e6 Bxe6 17.Qe5 d4 18.Rxd4 Qxa2+ 19.Kc1 f6 20.Qe3 Kf7 21.
Re1 Re8 22.Qf4 Qa5 23.Bxf6 Nxf6 24.Re5 Qa1+ 25.Kd2 Rd8 26.g4 Rxd4+ 27.cxd4
Rd8 28.c3 Qb2+ 0-1

[Event "12th American Continental"]
[Site "Medellin COL"]
[Date "2017.06.14"]
[Round "7.68"]
[White "Montilla Reyes, Jorcerys"]
[Black "Cordero Loup, Ely Daniela"]
[Result "0-1"]
[WhiteElo "2161"]
[BlackElo "1979"]
[EventDate "2017.06.10"]
[PlyCount "80"]

1.d4 d6 2.c4 e5 3.Nf3 e4 4.Nfd2 f5 5.Nc3 Nf6 6.e3 Be7 7.Be2 O-O 8.O-O c6 
9.d5 c5 10.f3 exf3 11.Nxf3 Na6 12.Bd3 Qe8 13.e4 fxe4 14.Nxe4 Nxe4 15.Bxe4 
Qh5 16.a3 Bd7 17.Qd3 Rae8 18.Re1 Rf7 19.Bd2 b5 20.b3 Nc7 21.Re2 Ref8 22.
Rae1 Bf6 23.Ba5 bxc4 24.bxc4 Ne8 25.h3 g5 26.Bc3 g4 27.hxg4 Bxg4 28.Rf1 
Ng7 29.Ref2 Bxc3 30.Qxc3 Nf5 31.Nh2 Nd4 32.Qe3 Ne2+ 33.Kh1 Qh4 34.Bxh7+ 
Kg7 35.Rxf7+ Rxf7 36.Rb1 Ng3+ 37.Kg1 Kxh7 38.Re1 Ne2+ 39.Rxe2 Bxe2 40.Qxe2
Qd4+ 0-1

[Event "12th American Continental"]
[Site "Medellin COL"]
[Date "2017.06.14"]
[Round "7.69"]
[White "Zabala Huertas, Fidel"]
[Black "Saladen Dulce, Rafael"]
[Result "0-1"]
[WhiteElo "1972"]
[BlackElo "2155"]
[EventDate "2017.06.10"]
[PlyCount "52"]

1.e4 c5 2.Nc3 g6 3.g3 Bg7 4.Bg2 Nc6 5.Nf3 e6 6.O-O Nge7 7.d3 d5 8.Re1 d4 
9.Ne2 e5 10.Kh1 h6 11.Nfg1 g5 12.Rf1 g4 13.f4 gxf3 14.Nxf3 Be6 15.Nh4 Qd7 
16.Ng1 O-O-O 17.Nf5 Nxf5 18.exf5 Bd5 19.Nf3 Bf6 20.a3 Rhg8 21.b4 h5 22.b5 
Ne7 23.c4 dxc3 24.Qa4 Kb8 25.Re1 Qxf5 26.Qd1 h4 0-1